| 000 | 00000nam##2200000za#4500 |
| 001 | 9.661655 |
| 003 | CaOODSP |
| 005 | 20210927150351 |
| 007 | ta |
| 008 | 150407|2000||||xxc||||| f|0| 0 eng|d |
| 020 | |a0-662-64763-7 |
| 040 | |aCaOODSP|beng |
| 041 | |aeng |
| 041 | |afre |
| 043 | |an-cn--- |
| 086 | 1 |aR32-163/2000 |
| 110 | 1 |aCanada. |bIndian and Northern Affairs Canada. |
| 245 | 10|aComparison of social conditions, 1991 and 1996 : |bregistered Indians, registered Indians living on Reserve and the total population of Canada |
| 260 | |aOttawa - Ontario : |bIndian and Northern Affairs |c2000. |
| 300 | |aEnglish text, 10p. : |breferences, tables ; |c22 cm. |
| 546 | |aBilingual |
| 563 | |aSoftcover |
| 590 | |a01-19|b2001-05-11 |
| 690 | 07|aSocial conditions|2gcpds |
| 690 | 07|aEconomic conditions|2gcpds |
| 690 | 07|aIndigenous reserves|2gcpds |
| 776 | 0#|tAnalyse des conditions socioéconomiques de 1991 et de 1996 : |w(CaOODSP)9.640424 |
| 776 | 0#|tComparison of social conditions, 1991 and 1996 : |w(CaOODSP)9.696305 |
| 792 | |tAnalyse des conditions socioéconomiques de 1991 et de 1996 : |efre|w(CaOODSP)9.661656 |
| 986 | |aQS-3618-000-BB-A1 |